| 000 | 00366nam a22001577a 4500 | ||
|---|---|---|---|
| 003 | CEME | ||
| 005 | 20210628203428.0 | ||
| 008 | 210129b xxu||||| |||| 00| 0 eng d | ||
| 040 | _c. | ||
| 082 | _a297.82 MOH | ||
| 100 |
_aMohsan Malik _965399 |
||
| 245 | _aAayat-e-bayyinat | ||
| 260 |
_aLAHORE _bISLAMIC PUBLICATIONS _c2000 |
||
| 300 | _a326P | ||
| 942 |
_cBK _2ddc |
||
| 999 |
_c573622 _d573622 |
||